=LDR 00000nam 2200000 4500 =001 INLIS000000000023709 =005 20130612122339 =008 ***********************************Ind** =035 ##$$a0010-061300000023709 =041 ##$$a Ind =082 ##$$a 658.406 =090 ##$$a 658.406, Win m =100 ##$$a Winardi =245 ##$$a Manajemen perubahan, Winardi =260 ##$$a 1996 $b ; Jakarta =300 ##$$a 183, 23 cm =650 ##$$a Manajemen perubahan =850 ##$$a NBPNMAT =990 ##$$a 21195413/BPAP-NTB/2014 =990 ##$$a 21400613/BPAP-NTB/20142014 =990 ##$$a 21400613/BPAP-NTB/20142014 =990 ##$$a 21400613/BPAP-NTB/20142014 =990 ##$$a 63676367 =990 ##$$a 3620836208 =990 ##$$a 01201436208 =990 ##$$a 21195413/BPAP-NTB/2014 =990 ##$$a 21400613/BPAP-NTB/20142014 =990 ##$$a 21400613/BPAP-NTB/20142014 =990 ##$$a 21400613/BPAP-NTB/20142014 =990 ##$$a 01201436207